| 000 | 01051nam a22003137a 4500 | ||
|---|---|---|---|
| 003 | CHAP | ||
| 005 | 20220329134814.0 | ||
| 008 | 971013s1968 r 00010 d | ||
| 010 | _a26244 | ||
| 011 | _a27216 | ||
| 035 | _a31317 | ||
| 040 | _cCHAP | ||
| 082 |
_a631.44 _bB88 |
||
| 100 | 0 | 0 |
_aBustamante H., Heliodoro. _916372 |
| 245 | _aClasificación de las tierras del sector Ortigal-Guachene para fines de riegos y drenajes (Depto. del Cauca) | ||
| 260 |
_aBogotá : _bInstituto Geográfico Agustín Codazzi, _c1968 |
||
| 300 | _a147 p. mapas | ||
| 590 |
_aBATCH-UPD _b10 _c20130110 _lUCH01 _h1422 |
||
| 590 |
_aBATCH-UPD _b10 _c20130410 _lUCH01 _h0904 |
||
| 590 |
_aBATCH-UPD _b10 _c20130914 _lUCH01 _h0758 |
||
| 590 |
_aCONVERSION _b10 _c20130109 _lUCH01 _h1315 |
||
| 650 | 1 | 4 |
_aDrenaje. _934190 |
| 650 | 1 | 4 |
_aSuelos _xClasificación _xColombia. _9110243 |
| 700 | 0 |
_aMorales V., Jesús M. _978434 |
|
| 700 | 0 |
_aRodríguez S., Isaías. _998882 |
|
| 901 | _aBK | ||
| 942 | _cLIBRO | ||
| 949 |
_a631.44 B88 _bBC _cLIBRO _d-72361 _eLIBRO _h41892 _i31317 _si |
||
| 999 |
_c26244 _d26244 |
||